000 01192nam a22002177a 4500
999 _c121189
_d121189
001 K121189
008 160218b2020 xxu||||| |||| 00| 0 eng d
041 _aeng
110 _aBuilding Better, Building Beautiful Commission
245 _aLiving with beautiful
_bPromoting health, well-being and sustainable growth
_cThe report of the Building Better Building Beautiful Commission
300 _a190p
520 _aSets out recommendations for a new development and planning framework based on three principles: beauty, refusing ugliness and stewardship. Considers placemaking and the suggested appointment of the Chief Placemaker in every local authority, creating local neighbourhoods, health, well-being and sustainable growth. Appendices includes case studies and glossary of terms..
650 _aPlacemaking
650 _aSDG3
650 _aNeighbourhoods
650 _aStewardship
651 _aUnited Kingdom 1973
690 _96259
_aPlanning and development
856 _uhttps://assets.publishing.service.gov.uk/government/uploads/system/uploads/attachment_data/file/861832/Living_with_beauty_BBBBC_report.pdf
_zView at assets.publishing.service.gov.uk
942 _n0